[Event "2. Online Aktivschach WM"]
[Site "Gruppe C / Chessgate"]
[Date "2005.12.21"]
[Round "1.1"]
[White "MM IV Turbo, Mephisto"]
[Black "Sapphire II, Novag"]
[Result "0-1"]
[WhiteElo "2093"]
[BlackElo "2129"]
[PlyCount "148"]

1. e4 c5 2. Nf3 d6 3. d4 cxd4 4. Nxd4 Nf6 5. Nc3 a6 6. g3 e5 7. Nde2 Nbd7 8.
Bg2 b5 9. O-O Bb7 10. Nd5 Nxd5 11. exd5 Be7 12. c3 O-O 13. Qc2 Qc7 14. Be3 Nf6
15. Rad1 Rfc8 16. b3 Qa5 17. Rfe1 b4 18. cxb4 Rxc2 19. bxa5 Rxa2 20. Bb6 Rc8
21. Nc1 Ra1 22. Ne2 Rxd1 23. Rxd1 Rc2 24. Kf1 h6 25. h3 Kf8 26. Ke1 Rb2 27. Nc1
Rb1 28. Kd2 Nxd5 29. Kc2 Nb4+ 30. Kxb1 Bxg2 31. Rd2 d5 32. f4 Be4+ 33. Kb2 exf4
34. gxf4 Nc6 35. Na2 Bd6 36. Be3 Ke8 37. Nc3 Bb4 38. Bb6 f5 39. Rd1 Ne7 40. Rc1
Bd6 41. Be3 g6 42. h4 Kd7 43. Rg1 Bb4 44. Na4 Bxa5 45. Nc5+ Kc6 46. Nxa6 Kb5
47. Nb8 Bb4 48. Nd7 Nc6 49. Bb6 d4 50. Rd1 Bc3+ 51. Ka3 Bc2 52. Rc1 d3 53. Be3
Nb4 54. Ne5 Nd5 55. Nc4 Nxe3 56. Nxe3 Bd2 57. Rxc2 Bxe3 58. Rc3 d2 59. Rd3 Bxf4
60. Kb2 Be3 61. Kc2 f4 62. Rd6 f3 63. Rxg6 f2 64. Rf6 Kc5 65. Rf8 Kd4 66. Kd1
Kd3 67. Rf7 h5 68. Rf8 Bc5 69. Rf3+ Ke4 70. Rf7 Ke3 71. b4 Bxb4 72. Rf6 Be7 73.
Rf5 Bxh4 74. Kc2 Bg5 0-1

[Event "2. Online Aktivschach WM"]
[Site "Gruppe C / Chessgate"]
[Date "2005.12.27"]
[Round "1.2"]
[White "Vancouver 68020, Mephisto"]
[Black "Resurrection Ruffian, Phoenix Chess"]
[Result "0-1"]
[WhiteElo "2264"]
[BlackElo "2400"]
[PlyCount "142"]

1. Nf3 Nf6 2. d4 e6 3. c4 c5 4. Nc3 d5 5. cxd5 Nxd5 6. e4 Nxc3 7. bxc3 cxd4 8.
cxd4 Bb4+ 9. Bd2 Bxd2+ 10. Qxd2 O-O 11. Bc4 Nc6 12. O-O b6 13. Rfe1 Bb7 14.
Rad1 Rc8 15. d5 Na5 16. Bf1 exd5 17. Qf4 Rc5 18. e5 Qc7 19. Bd3 Re8 20. Qh4 h6
21. Qg4 Bc8 22. Qf4 Bd7 23. Bb1 Nc6 24. Qg3 Rc8 25. Rd2 b5 26. Red1 Be6 27. Re2
Qe7 28. Rb2 a5 29. Kh1 Kh8 30. Kg1 Nb4 31. a3 Rc1 32. Rbd2 R8c3 33. Qf4 g5 34.
Qf6+ Qxf6 35. exf6 Nc6 36. Bd3 b4 37. axb4 axb4 38. Be2 b3 39. Kf1 d4 40. Ne1
b2 41. Rxb2 Rxd1 42. Bxd1 Bc4+ 43. Be2 d3 44. Nxd3 Bxd3 45. Ke1 Bxe2 46. Rxe2
Kh7 47. Rd2 Kg6 48. Ke2 Ne5 49. f3 h5 50. h3 Kxf6 51. Rb2 Kf5 52. Rd2 g4 53.
fxg4+ hxg4 54. hxg4+ Kxg4 55. Kf2 Nd3+ 56. Ke3 Nf4+ 57. Ke4 f5+ 58. Ke5 Rd3 59.
Rb2 Kg5 60. Rb5 Nxg2 61. Rb8 Nf4 62. Rb5 Ng6+ 63. Ke6 Re3+ 64. Kd6 Kg4 65. Rb7
f4 66. Rg7 Kg5 67. Kc5 f3 68. Rf7 Nf4 69. Rg7+ Kf5 70. Rg3 Ke4 71. Rg1 Nd3+ 0-1

[Event "2. Online Aktivschach WM"]
[Site "Gruppe C / Chessgate"]
[Date "2006.01.11"]
[Round "1.3"]
[White "Tiger Grenadier"]
[Black "Milano, Mephisto"]
[Result "0-1"]
[WhiteElo "1960"]
[BlackElo "2010"]
[PlyCount "182"]

1. c4 c6 2. Nc3 d5 3. cxd5 cxd5 4. Nf3 Nf6 5. Qb3 Nc6 6. d4 e6 7. Qb5 a6 8. Qd3
Bd7 9. Ne5 Nb4 10. Qd1 Be7 11. a3 Nc6 12. Nxd7 Qxd7 13. Na4 Qc7 14. g3 b5 15.
Nc3 O-O 16. Bf4 Bd6 17. Rc1 Bxf4 18. gxf4 Qxf4 19. e3 Qd6 20. Be2 b4 21. axb4
Qxb4 22. Qd2 Rfb8 23. Rc2 Qb3 24. O-O Nb4 25. Rcc1 Na2 26. Nxa2 Qxa2 27. Ra1
Qxb2 28. Qxb2 Rxb2 29. Bxa6 Ne4 30. Rab1 Rc2 31. Bb7 Rd8 32. Rbc1 Rb2 33. Rb1
Rxb1 34. Rxb1 Rb8 35. Rb3 Nd2 36. Rc3 g5 37. Rc7 Kg7 38. Kg2 Ne4 39. Rd7 Kf6
40. f3 Nd2 41. e4 g4 42. e5+ Kg6 43. fxg4 Nb3 44. h4 Nxd4 45. h5+ Kg5 46. Kg3
Rf8 47. Rc7 f5 48. exf6 Rxf6 49. Rg7+ Kh6 50. Rd7 Rf3+ 51. Kg2 Rf4 52. Kg3 Rf6
53. Bc8 Rf3+ 54. Kh4 Rf4 55. Kg3 Rf1 56. Rd6 Re1 57. Bb7 Re5 58. Rd7 Re3+ 59.
Kf4 Re4+ 60. Kg3 Nc2 61. Rf7 Ne3 62. Rf4 Rxf4 63. Kxf4 Nc4 64. Bc6 Kg7 65. g5
Kg8 66. g6 hxg6 67. hxg6 Kg7 68. Kg5 Ne5 69. Be8 d4 70. Kf4 Nxg6+ 71. Ke4 e5
72. Kf5 Nh4+ 73. Kxe5 d3 74. Ke4 d2 75. Bh5 Ng6 76. Ke3 Kh6 77. Bxg6 $4 d1=Q
78. Be4 Kg5 79. Bd3 Qg4 80. Be4 Qf4+ 81. Kd3 Qf2 82. Bc6 Kf5 83. Kc4 Ke5 84.
Kb5 Kd6 85. Be8 Qe2+ 86. Kb4 Qxe8 87. Kc4 Qe3 88. Kb4 Kd5 89. Kb5 Qb3+ 90. Ka6
Kc6 91. Ka7 Qb7# 0-1

[Event "2. Online Aktivschach WM"]
[Site "Gruppe C / Chessgate"]
[Date "2006.01.11"]
[Round "1.4"]
[White "Berlin Pro London, Mephisto"]
[Black "Sparc, Saitek"]
[Result "1-0"]
[WhiteElo "2314"]
[BlackElo "2174"]
[PlyCount "111"]

1. d4 Nf6 2. c4 e6 3. Nf3 b6 4. g3 Bb7 5. Bg2 Be7 6. O-O O-O 7. Nc3 Ne4 8. Qc2
Nxc3 9. Qxc3 f5 10. b3 Bf6 11. Bb2 d6 12. Rad1 a5 13. Ne1 Bxg2 14. Nxg2 Nc6 15.
e3 Qd7 16. Nf4 Kh8 17. Qd2 d5 18. Qe2 a4 19. Qh5 Ne7 20. Ba3 c5 21. dxc5 axb3
22. c6 Qe8 23. Qxe8 Rfxe8 24. Bxe7 Bxe7 25. axb3 dxc4 26. bxc4 Rac8 27. Nxe6
Rxc6 28. Nd4 Rc5 29. Rb1 Rxc4 30. Nxf5 Bc5 31. Rfd1 Ra4 32. Rd7 g6 33. Nd6 Rea8
34. Nb7 Ra1 35. Rxa1 Rxa1+ 36. Kg2 Bb4 37. Nd6 Ra5 38. Nc4 Ra6 39. Rb7 Bc5 40.
Kf3 Kg8 41. Ne5 Ra2 42. Nd7 h6 43. Rc7 Bb4 44. Rc1 b5 45. Rb1 Ra4 46. Nb6 Ra6
47. Nd5 Bd6 48. Rxb5 Kf7 49. Rb7+ Ke6 50. Nc7+ Bxc7 51. Rxc7 Kd5 52. Rh7 Rf6+
53. Kg4 h5+ 54. Kg5 Rxf2 55. Kxg6 Rxh2 56. Rxh5+ 1-0

[Event "2. Online Aktivschach WM"]
[Site "Gruppe C / Chessgate"]
[Date "2006.01.13"]
[Round "2.1"]
[White "Resurrection Ruffian, Phoenix Chess"]
[Black "Berlin Pro London, Mephisto"]
[Result "1/2-1/2"]
[WhiteElo "2400"]
[BlackElo "2314"]
[PlyCount "200"]

1. d4 Nf6 2. Nf3 d5 3. c4 dxc4 4. Nc3 a6 5. e4 b5 6. e5 Nd5 7. a4 Nxc3 8. bxc3
Bb7 9. Be2 e6 10. axb5 axb5 11. Rxa8 Bxa8 12. O-O Be7 13. Qc2 c5 14. Rd1 O-O
15. dxc5 Qc7 16. Qb1 Qc6 17. Be3 Bxc5 18. Bxc5 Qxc5 19. Nd4 Qxe5 20. Qxb5 Nc6
21. Bxc4 Qxb5 22. Nxb5 Ne5 23. Be2 Rc8 24. f4 Ng6 25. g3 h6 26. Kf2 e5 27. fxe5
Nxe5 28. c4 f6 29. Ra1 Bc6 30. Nd4 Bd7 31. Rc1 Rc5 32. Nb3 Rc7 33. c5 Be6 34.
Nd4 Kf7 35. Nb5 Rc6 36. Ke3 Bd5 37. Kd4 Be6 38. Ra1 Kg6 39. h4 Nd7 40. Rc1 Ne5
41. Nd6 Rc7 42. Bb5 Kh5 43. Rc3 Bh3 44. Rc2 Kg4 45. Ne4 Nf3+ 46. Ke3 f5 47.
Nf2+ Kxg3 48. Nh1+ Kxh4 49. Kxf3 Rb7 50. Bc4 Rc7 51. Bd3 Kg5 52. Nf2 Bg4+ 53.
Ke3 Re7+ 54. Kd4 Bf3 55. c6 Rc7 56. Bb5 Kf6 57. Rc3 Bg2 58. Kc5 Rc8 59. Rd3 f4
60. Rd6+ Kg5 61. Ba6 Rxc6+ $1 62. Rxc6 Bxc6 63. Kxc6 f3 64. Kc5 h5 65. Kd4 Kf4
66. Nh3+ Kg4 67. Bf1 Kf5 68. Ke3 g5 69. Bd3+ Kf6 70. Nf2 g4 71. Kf4 Kg7 72. Bf5
Kf6 73. Ne4+ Kf7 74. Kg5 Ke7 75. Kxh5 f2 76. Ng3 Kf6 77. Kxg4 Ke5 78. Bb1 Kd5
79. Kf3 Ke5 80. Kxf2 Ke6 81. Ba2+ Kd6 82. Kf3 Ke5 83. Ke3 Kf6 84. Kd4 Kg5 85.
Be6 Kf6 86. Kd5 Kg6 87. Ke5 Kg5 88. Ne2 Kg6 89. Nf4+ Kg7 90. Bd5 Kh8 91. Kf6
Kh7 92. Nh5 Kh6 93. Ng3 Kh7 94. Be4+ Kh8 95. Bg6 Kg8 96. Nf5 Kh8 97. Nd4 Kg8
98. Bf7+ Kh7 99. Nf5 Kh8 100. Bb3 Kh7 {
Ruffian versteht es nicht, mit L ufer und Springer Matt zu setzen. Also Remis.}
1/2-1/2

[Event "2. Online Aktivschach WM"]
[Site "Gruppe C / Chessgate"]
[Date "2006.01.14"]
[Round "2.2"]
[White "Tiger Grenadier"]
[Black "MM IV Turbo, Mephisto"]
[Result "0-1"]
[WhiteElo "1960"]
[BlackElo "2093"]
[PlyCount "114"]

1. Nf3 d5 2. c4 c6 3. cxd5 cxd5 4. Nc3 Nf6 5. Qb3 e6 6. e3 Nc6 7. Qb5 Bd7 8.
Qb3 Na5 9. Qd1 Bd6 10. Be2 Bc6 11. O-O O-O 12. d4 a6 13. Qc2 b5 14. Ne5 Bb7 15.
a4 b4 16. Nd1 Rc8 17. Qd3 Bxe5 18. dxe5 Ne4 19. Bd2 Nc5 20. Qb1 Nab3 21. Bxb4
Nxa1 22. Qxa1 d4 23. f4 d3 24. Bf3 Bxf3 25. Rxf3 Qb6 26. Qa3 Rfd8 27. a5 Qc7
28. Bc3 Ne4 29. Qb4 Nxc3 30. Nxc3 Qc4 31. Qxc4 Rxc4 32. Rf1 d2 33. Rd1 f6 34.
Kf2 fxe5 35. fxe5 Rb4 36. Kf3 Rxb2 37. Ke2 h5 38. Ne4 Rb5 39. Rxd2 Rxd2+ 40.
Nxd2 Rxa5 41. Nc4 Ra1 42. Nd6 a5 43. e4 a4 44. Ke3 a3 45. g4 Rb1 46. Nc4 a2 47.
Nd2 Rb2 48. Nc4 Rxh2 49. Kd4 a1=Q+ 50. Kc5 hxg4 51. Kb5 g3 52. Kc5 g2 53. Nb6
g1=Q+ 54. Kc6 Qa6 55. Kd6 Qgxb6+ 56. Ke7 Qc5+ 57. Kd8 Qac8# 0-1

[Event "2. Online Aktivschach WM"]
[Site "Gruppe C / Chessgate"]
[Date "2006.01.16"]
[Round "2.3"]
[White "Milano, Mephisto"]
[Black "Sparc, Saitek"]
[Result "0-1"]
[WhiteElo "2010"]
[BlackElo "2174"]
[PlyCount "84"]

1. d4 d5 2. Nf3 Nf6 3. c4 e6 4. Bg5 c6 5. e3 Nbd7 6. Nbd2 h6 7. Bf4 Nh5 8. Be5
Nxe5 9. Nxe5 Nf6 10. Bd3 dxc4 11. Bxc4 Nd7 12. Nxd7 Bxd7 13. O-O Bd6 14. Bd3
Qh4 15. Nf3 Qf6 16. e4 e5 17. dxe5 Bxe5 18. Nxe5 Qxe5 19. Qb3 O-O-O 20. Rad1
Be6 21. Qa3 Kb8 22. f4 Qd6 23. b4 Qd4+ 24. Kh1 Bc4 25. e5 Bxd3 26. Rf3 Be2 27.
Rxd4 Rxd4 28. g3 Bxf3+ 29. Qxf3 Rxb4 30. Qd3 Rb2 31. Qd6+ Kc8 32. Qa3 Rd2 33.
Qxa7 Rhd8 34. Qa3 Kb8 35. Qe7 R8d7 36. Qf8+ Kc7 37. Qa8 Re2 38. Qa4 Rdd2 39.
Qa5+ Kd7 40. Qxd2+ Rxd2 41. a3 Ra2 42. Kg1 Rxa3 0-1

[Event "2. Online Aktivschach WM"]
[Site "Gruppe C / Chessgate"]
[Date "2006.01.21"]
[Round "3.1"]
[White "Berlin Pro London, Mephisto"]
[Black "Sapphire II, Novag"]
[Result "0-1"]
[WhiteElo "2314"]
[BlackElo "2129"]
[PlyCount "106"]

1. e4 c6 2. d4 d5 3. exd5 cxd5 4. Bd3 Nc6 5. c3 Nf6 6. Bf4 Bg4 7. Qb3 Qd7 8.
Nd2 e6 9. Ngf3 Bxf3 10. Nxf3 Nh5 11. Ne5 Qc7 12. Be3 Bd6 13. Qd1 Nf6 14. f4 Ne4
15. O-O O-O 16. Qf3 f6 17. Ng4 f5 18. Ne5 Be7 19. Rae1 Na5 20. Qh5 Nc6 21. Qf3
Qa5 22. a3 Qa4 23. Qh5 Rac8 24. Kh1 Nxe5 25. fxe5 Qb3 26. Bc1 Rc6 27. Re3 g6
28. Qe2 Rcc8 29. Ref3 Bg5 30. Bxg5 Nxg5 31. Rf4 Rc7 32. Qc2 Qb6 33. Qd2 Ne4 34.
Bxe4 dxe4 35. R4f2 Kg7 36. Qg5 h6 37. Qg3 Qb5 38. Re1 Qc4 39. Qh4 Qd3 40. h3 e3
41. Rfe2 f4 42. Qg4 Rf5 43. Qf3 Rcf7 44. Qg4 f3 45. gxf3 Rxf3 46. Kg1 Qa6 47.
Rg2 Rf1+ 48. Rxf1 Qxf1+ 49. Kh2 Qd3 50. a4 Rf2 51. Qxe6 Rxg2+ 52. Kxg2 Qe2+ 53.
Kg1 Qf2+ 0-1

[Event "2. Online Aktivschach WM"]
[Site "Gruppe C / Chessgate"]
[Date "2006.01.22"]
[Round "3.2"]
[White "MM IV Turbo, Mephisto"]
[Black "Milano, Mephisto"]
[Result "1/2-1/2"]
[WhiteElo "2093"]
[BlackElo "2010"]
[PlyCount "115"]

1. e4 c6 2. d4 d5 3. exd5 cxd5 4. Bd3 Nc6 5. c3 Nf6 6. Bf4 g6 7. Nf3 Bg7 8. O-O
O-O 9. Nbd2 Nh5 10. Be3 f5 11. Nb3 Qd6 12. Re1 f4 13. Bd2 Bg4 14. Be2 Rae8 15.
Ne5 Bxe2 16. Qxe2 Nxe5 17. dxe5 Qc7 18. e6 Rc8 19. f3 Qb6+ 20. Qf2 Qxf2+ 21.
Kxf2 g5 22. Re2 Rc6 23. Rae1 Ra6 24. Nc1 b5 25. a3 Rc6 26. Kg1 Rfc8 27. Nb3 Rc4
28. Kh1 a6 29. Nc1 d4 30. cxd4 Bxd4 31. Nd3 Rc2 32. Bb4 Kf8 33. Ba5 Ng7 34. h4
h6 35. hxg5 hxg5 36. Rxc2 Rxc2 37. Nb4 Rxb2 38. Nxa6 Bf2 39. Bc3 Bxe1 40. Bxb2
Nxe6 41. Nb4 Bf2 42. Kh2 Bd4 43. Bxd4 Nxd4 44. Kh3 Kg7 45. Kg4 Kh6 46. g3 fxg3
47. Kxg3 Kh5 48. Kf2 g4 49. fxg4+ Kxg4 50. Ke3 Nf5+ 51. Ke4 Nd6+ 52. Kd4 Nc4
53. a4 e5+ 54. Kc5 bxa4 55. Kxc4 e4 56. Nc2 Kg3 57. Kd5 Kf3 58. Kd4 1/2-1/2

[Event "2. Online Aktivschach WM"]
[Site "Gruppe C / Chessgate"]
[Date "2006.01.22"]
[Round "2.4"]
[White "Sapphire II, Novag"]
[Black "Vancouver 68020, Mephisto"]
[Result "1-0"]
[WhiteElo "2129"]
[BlackElo "2264"]
[PlyCount "77"]

1. e4 Nf6 2. e5 Nd5 3. d4 d6 4. Nf3 Nc6 5. c4 Nb6 6. e6 fxe6 7. Be3 g6 8. h4
Bg7 9. h5 O-O 10. hxg6 hxg6 11. Bd3 Qe8 12. Nh4 Nxd4 13. Nxg6 Nf5 14. Nxf8 Kxf8
15. Nc3 Qc6 16. Qg4 Na4 17. Be4 Qxc4 18. Nxa4 Qxa4 19. O-O Qa5 20. b4 Qa3 21.
Rac1 c6 22. Bg5 Qxa2 23. Bxf5 exf5 24. Bxe7+ Kf7 25. Qg5 d5 26. Bd8 Qb2 27.
Qe7+ Kg8 28. Qe8+ Kh7 29. Rfe1 Qd2 30. b5 Qh6 31. bxc6 d4 32. cxb7 Bxb7 33. Rc7
Rxd8 34. Qxd8 Be4 35. Qxd4 Kg8 36. Qc4+ Kh7 37. Re3 Qf6 38. Rh3+ Kg6 39. Qg8
1-0

[Event "2. Online Aktivschach WM"]
[Site "Gruppe C / Chessgate"]
[Date "2006.01.23"]
[Round "3.3"]
[White "Sparc, Saitek"]
[Black "Resurrection Ruffian, Phoenix Chess"]
[Result "0-1"]
[WhiteElo "2174"]
[BlackElo "2400"]
[PlyCount "156"]

1. d4 d5 2. c4 e6 3. Nc3 Be7 4. Nf3 Nf6 5. Bg5 h6 6. Bxf6 Bxf6 7. e3 O-O 8. Rc1
c6 9. Bd3 Nd7 10. O-O dxc4 11. Bxc4 e5 12. h3 exd4 13. exd4 Nb6 14. Bb3 Re8 15.
Re1 Bf5 16. g4 Bh7 17. Ne5 Re7 18. Re3 Bg5 19. Nxf7 Rxf7 20. Bxf7+ Kxf7 21.
Qb3+ Kf8 22. Rf3+ Bf6 23. Na4 Qxd4 24. Nc5 Qd5 25. Nxb7 Re8 26. Qc3 Kg8 27.
Rxf6 gxf6 28. Qxf6 Qd2 29. Nd6 Qxc1+ 30. Kh2 Re7 31. Qxe7 Qf4+ 32. Kg1 Bb1 33.
Qe6+ (33. Ne8 Qf7 34. Nf6+ Kg7 35. Nh5+ Kg6 36. Qe1 Qxa2 37. Qe8+ Qf7 38. Nf4+
Kg7 39. Nh5+ Kg6 40. Nf4+ $11) 33... Kh8 34. Qe8+ Kg7 35. Qe7+ Kg6 36. Qe8+ Kf6
37. Qxc6 Bxa2 38. Nf5+ Be6 39. Ne3 Qb4 40. Qe8 Qe1+ 41. Nf1 Qd1 42. Qh8+ Kg6
43. Qe8+ Bf7 44. Qe4+ Kg7 45. Qe5+ Kh7 46. Qe4+ Kg8 47. Qe3 Bc4 48. Qe8+ Kg7
49. Qe7+ Kg6 50. Qe8+ Kf6 51. Qf8+ Ke5 52. Qe7+ Kd4 53. Qd8+ Nd5 54. Qh8+ Kc5
55. Qf8+ Kb5 56. Qe8+ Ka5 57. Qd8+ Ka4 58. Qd7+ Kb3 59. Qxa7 Kxb2 60. Kh2 Bxf1
61. Qb7+ Ka3 62. Qa7+ Kb3 63. Qb7+ Nb4 64. Qe4 Nd5 65. Qf5 Ka2 66. h4 Qd2 67.
g5 hxg5 68. hxg5 Be2 69. g6 Bc4 70. Qf7 Qd4 71. Qf3 Qe5+ 72. Qg3 Nf4 73. Qg4
Nxg6+ 74. Qg3 Nf4 75. Qg4 Bd5 76. f3 Be6 77. Qh4 Qe2+ 78. Kg3 Qe1+ 0-1

[Event "2. Online Aktivschach WM"]
[Site "Gruppe C / Chessgate"]
[Date "2006.01.23"]
[Round "3.4"]
[White "Vancouver 68020, Mephisto"]
[Black "Tiger Grenadier"]
[Result "1-0"]
[WhiteElo "2264"]
[BlackElo "1950"]
[PlyCount "41"]

1. c4 Nf6 2. Nf3 e6 3. d4 b6 4. Nc3 Be7 5. e4 Bb4 6. Bd3 Bb7 7. e5 Ne4 8. Bxe4
Bxc3+ 9. bxc3 Bxe4 10. Qe2 Bxf3 11. Qxf3 Nc6 12. Qg3 g6 13. Bg5 Qc8 14. Bf6 O-O
15. Qg5 Nxd4 16. cxd4 Qb7 17. Qh6 Qe4+ 18. Kf1 Qd3+ 19. Kg1 Qd1+ 20. Rxd1 Rfe8
21. Qg7# 1-0

[Event "2. Online Aktivschach WM"]
[Site "Gruppe C / Chessgate"]
[Date "2006.01.29"]
[Round "4.1"]
[White "Tiger Grenadier"]
[Black "Berlin Pro London, Mephisto"]
[Result "0-1"]
[WhiteElo "1960"]
[BlackElo "2314"]
[PlyCount "70"]

1. g3 Nf6 2. Bg2 g6 3. d4 Bg7 4. Nf3 O-O 5. O-O d6 6. c4 Nc6 7. Bf4 Re8 8. Nc3
Bg4 9. Qb3 Bxf3 10. exf3 Nxd4 11. Qxb7 Qd7 12. Rad1 a6 13. Rxd4 Reb8 14. Qxa8
Rxa8 15. Rd2 Rb8 16. Be3 Qf5 17. f4 Ng4 18. Ba7 Bxc3 19. bxc3 Rb1 20. f3 Nf6
21. Bh3 Rxf1+ 22. Bxf1 Qa5 23. Re2 Kf8 24. Rc2 c5 25. Rb2 Qxc3 26. Rb8+ Kg7 27.
Rb7 Qe3+ 28. Kg2 Ne4 29. Rb2 Nd2 30. Rxd2 Qxd2+ 31. Kh3 Qxa2 32. f5 Qb3 33. Bg2
gxf5 34. f4 a5 35. Bd5 a4 0-1

[Event "2. Online Aktivschach WM"]
[Site "Gruppe C / Chessgate"]
[Date "2006.02.01"]
[Round "4.2"]
[White "Sapphire II, Novag"]
[Black "Sparc, Saitek"]
[Result "0-1"]
[WhiteElo "2129"]
[BlackElo "2174"]
[PlyCount "44"]

1. Nf3 d5 2. c4 e6 3. d4 c6 4. Nc3 Nf6 5. e3 Nbd7 6. Bd3 Bb4 7. O-O O-O 8. a3
Ba5 9. b4 Bc7 10. e4 dxe4 11. Bxe4 Nxe4 12. Nxe4 b5 13. Qc2 Nb6 14. cxb5 cxb5
15. Bg5 f6 16. Bc1 Bb7 17. Re1 Bd5 18. Qc5 a6 19. g4 Rc8 20. a4 Nxa4 21. Rxa4
bxa4 22. Nfd2 f5 0-1

[Event "2. Online Aktivschach WM"]
[Site "Gruppe C / Chessgate"]
[Date "2006.02.01"]
[Round "4.3"]
[White "MM IV Turbo, Mephisto"]
[Black "Vancouver 68020, Mephisto"]
[Result "1-0"]
[WhiteElo "2093"]
[BlackElo "2264"]
[PlyCount "74"]

1. c4 c6 2. d4 d5 3. cxd5 cxd5 4. Nf3 Nf6 5. Nc3 Nc6 6. Bf4 a6 7. e3 Bg4 8. Be2
e6 9. O-O Bd6 10. Bxd6 Qxd6 11. Qb3 b5 12. a4 b4 13. Na2 O-O 14. Rac1 Bf5 15.
Ne5 Nxe5 16. dxe5 Qxe5 17. Nxb4 Rfb8 18. Qa3 Rb7 19. Bxa6 Rb6 20. Rc6 Rbb8 21.
f3 h6 22. Rfc1 Ne8 23. Be2 Bg6 24. R1c5 Nf6 25. g3 Nd7 26. Rc1 Nf6 27. Na6 Rb7
28. b4 Rba7 29. b5 Qf5 30. a5 e5 31. b6 Rd7 32. Qb4 Rb7 33. Nc7 Rc8 34. a6
Rbxc7 35. Rxc7 Rd8 36. b7 Qg5 37. f4 exf4 1-0

[Event "2. Online Aktivschach WM"]
[Site "Gruppe C / Chessgate"]
[Date "2006.02.02"]
[Round "4.4"]
[White "Milano, Mephisto"]
[Black "Resurrection Ruffian, Phoenix Chess"]
[Result "0-1"]
[WhiteElo "2010"]
[BlackElo "2400"]
[PlyCount "70"]

1. d4 Nf6 2. c4 g6 3. Nc3 Bg7 4. e4 d6 5. Nf3 O-O 6. Be2 e5 7. Be3 exd4 8. Nxd4
Re8 9. f3 c6 10. Qd2 d5 11. exd5 cxd5 12. O-O Nc6 13. c5 Rxe3 14. Qxe3 Qf8 15.
Nxc6 bxc6 16. Rad1 Bf5 17. Bd3 Re8 18. Qf2 Bh6 19. Kh1 Be3 20. Qh4 g5 21. Qa4
Bxd3 22. Rxd3 Qxc5 23. b4 Qc4 24. Rfd1 g4 25. a3 Bf2 26. Qc2 Re1+ 27. Rxe1 Bxe1
28. Qc1 Qxd3 29. Qxe1 d4 30. Nd1 Kf8 31. fxg4 Qxa3 32. Qd2 Qa1 33. Qe1 Nxg4 34.
Kg1 Ne3 35. Kf2 Nxd1+ 0-1

[Event "2. Online Aktivschach WM"]
[Site "Gruppe C / Chessgate"]
[Date "2006.02.04"]
[Round "5.1"]
[White "Sparc, Saitek"]
[Black "Tiger Grenadier"]
[Result "1-0"]
[WhiteElo "2174"]
[BlackElo "1960"]
[PlyCount "79"]

1. d4 c6 2. c4 d5 3. Nc3 Nf6 4. e3 Be6 5. cxd5 Nxd5 6. Bd2 Nd7 7. Nf3 Nxc3 8.
Bxc3 Bd5 9. Bd3 Bxf3 10. Qxf3 Ne5 11. dxe5 Qxd3 12. Rd1 Qb5 13. Rd4 Rc8 14. a4
Qa6 15. e6 fxe6 16. Qg4 c5 17. Rd1 Kf7 18. Qf3+ Kg8 19. Rd7 Qxa4 20. Qxb7 Rc6
21. Rxe7 Qa1+ 22. Ke2 Qa6+ 23. Qxa6 Rxa6 24. Rd7 Ra4 25. f4 h6 26. Rf1 Rh7 27.
f5 Rg4 28. fxe6 Rxg2+ 29. Ke1 Rh8 30. e7 Bxe7 31. Rxe7 a6 32. Rff7 Rh7 33. Ra7
h5 34. Rfd7 Rh6 35. Bxg7 Rg1+ 36. Ke2 Rg2+ 37. Kf3 Rxg7 38. Rxg7+ Kf8 39. Rgc7
Rf6+ 40. Kg3 1-0

[Event "2. Online Aktivschach WM"]
[Site "Gruppe C / Chessgate"]
[Date "2006.02.04"]
[Round "5.2"]
[White "Berlin Pro London, Mephisto"]
[Black "MM IV Turbo, Mephisto"]
[Result "1-0"]
[WhiteElo "2314"]
[BlackElo "2093"]
[PlyCount "101"]

1. d4 d5 2. Nf3 Nf6 3. c4 dxc4 4. Nc3 a6 5. e4 b5 6. e5 Nd5 7. Ng5 Bf5 8. Nxd5
Qxd5 9. Be2 Ra7 10. O-O h6 11. Bf3 Qd7 12. Ne4 e6 13. Be3 a5 14. a4 Ra6 15.
axb5 Qxb5 16. Qd2 Rb6 17. d5 Bb4 18. Nc3 Bxc3 19. Qxc3 Ra6 20. dxe6 Bxe6 21.
Be2 Nd7 22. f4 O-O 23. Rfc1 Rb8 24. Bxc4 Bxc4 25. Qxc4 Qxc4 26. Rxc4 Rxb2 27.
Rxc7 Nf8 28. Rc8 Rb5 29. Rd1 g5 30. Rdd8 Rb1+ 31. Kf2 gxf4 32. Rxf8+ Kg7 33.
Rg8+ Kh7 34. Bxf4 Rb2+ 35. Ke3 f5 36. exf6 Rb3+ 37. Kd2 Rxf6 38. Rh8+ Kg6 39.
Rxh6+ Kg7 40. Rc7+ Rf7 41. Rhc6 Rxc7 42. Rxc7+ Kg6 43. Be5 Rb5 44. Bd4 Rh5 45.
Rg7+ Kh6 46. Rg8 Rb5 47. Ra8 Rh5 48. Bc3 a4 49. h3 Rf5 50. Bd4 Rb5 51. Rxa4 1-0

[Event "2. Online Aktivschach WM"]
[Site "Gruppe C / Chessgate"]
[Date "2006.02.06"]
[Round "5.3"]
[White "Resurrection Ruffian, Phoenix Chess"]
[Black "Sapphire II, Novag"]
[Result "1-0"]
[WhiteElo "2400"]
[BlackElo "2129"]
[PlyCount "61"]

1. d4 d5 2. Nf3 Nf6 3. c4 c6 4. Nc3 dxc4 5. a4 Bf5 6. e3 e6 7. Bxc4 Bb4 8. O-O
Nbd7 9. Qe2 Bg6 10. e4 Bxc3 11. bxc3 Nxe4 12. Ba3 Qc7 13. Rfc1 Qf4 14. Qb2 Rb8
15. Re1 Bf5 16. Re3 Ndf6 17. Ne5 Ng4 18. Nxg4 Bxg4 19. g3 Qf5 20. Bd3 Qxf2+ 21.
Qxf2 Nxf2 22. Kxf2 Bh3 23. Rb1 Kd7 24. Kf3 h5 25. Re5 f6 26. Re3 Bg4+ 27. Kg2
h4 28. h3 Bh5 29. gxh4 b6 30. Rbe1 Bf7 31. Kg3 1-0

[Event "2. Online Aktivschach WM"]
[Site "Gruppe C / Chessgate"]
[Date "2006.02.06"]
[Round "5.4"]
[White "Vancouver 68020, Mephisto"]
[Black "Milano, Mephisto"]
[Result "1-0"]
[WhiteElo "2264"]
[BlackElo "2010"]
[PlyCount "67"]

1. e4 e5 2. Nf3 Nf6 3. d4 Nxe4 4. Bd3 d5 5. Nxe5 Bd6 6. O-O O-O 7. Re1 Bxe5 8.
dxe5 Nc6 9. Bf4 Nc5 10. Bb5 Ne6 11. Qd2 Ncd4 12. Bd3 Nxf4 13. Qxf4 Ne6 14. Qg3
c5 15. Nc3 c4 16. Be2 Nd4 17. Rad1 Qb6 18. Nxd5 Nxe2+ 19. Rxe2 Qxb2 20. Ne7+
Kh8 21. Qf3 Be6 22. c3 Qa3 23. Qxb7 Rfb8 24. Red2 h6 25. Qc7 Qxc3 26. h3 Kh7
27. Nd5 Bxd5 28. Rxd5 Kg8 29. Rd7 Rf8 30. Qc5 Rac8 31. Qd6 Qa5 32. e6 Qb6 33.
e7 Rfe8 34. Qxb6 1-0

[Event "2. Online Aktivschach WM"]
[Site "Gruppe C / Chessgate"]
[Date "2006.02.11"]
[Round "6.1"]
[White "Tiger Grenadier"]
[Black "Resurrection Ruffian, Phoenix Chess"]
[Result "0-1"]
[WhiteElo "1960"]
[BlackElo "2400"]
[PlyCount "56"]

1. b4 Nf6 2. d4 e6 3. c3 a5 4. bxa5 Rxa5 5. Nf3 Nc6 6. Nbd2 d5 7. Nb3 Ra8 8.
Ne5 Nxe5 9. dxe5 Nd7 10. Qd4 c5 11. Qe3 Qc7 12. f4 Be7 13. Kf2 O-O 14. Kg1 c4
15. Nd4 Nc5 16. Qd2 Nb3 17. Nxb3 cxb3 18. e3 f6 19. Bb2 bxa2 20. exf6 Bxf6 21.
c4 Bxb2 22. Qxb2 dxc4 23. Rxa2 c3 24. Qc1 Rxa2 25. Bd3 Rd2 26. Qb1 c2 27. Bxc2
Rxc2 28. h4 Rc1+ 0-1

[Event "2. Online Aktivschach WM"]
[Site "Gruppe C / Chessgate"]
[Date "2006.02.12"]
[Round "6.2"]
[White "Vancouver 68020, Mephisto"]
[Black "Berlin Pro London, Mephisto"]
[Result "0-1"]
[WhiteElo "2264"]
[BlackElo "2314"]
[PlyCount "152"]

1. e4 e5 2. Nf3 f5 3. Nxe5 Qf6 4. Nc4 fxe4 5. Nc3 Qf7 6. Ne3 c6 7. Nxe4 d5 8.
Ng3 h5 9. h4 g6 10. d4 Bg7 11. c3 Ne7 12. Be2 Nd7 13. Nc2 Nb6 14. Bg5 O-O 15.
Rf1 Bd7 16. Ne3 Rae8 17. Qd3 Nec8 18. Qc2 Nd6 19. Bd3 Re6 20. O-O-O Rfe8 21. f3
a5 22. Qf2 Bf6 23. Nc2 Bxg5+ 24. hxg5 Qf4+ 25. Kb1 Nbc4 26. Rh1 b5 27. b3 Nb6
28. Qd2 Qxd2 29. Rxd2 a4 30. Rf2 axb3 31. axb3 Kg7 32. Nb4 Nf7 33. f4 Re3 34.
Nf1 Re1+ 35. Kb2 Nd6 36. g4 Bxg4 37. Nxc6 Ne4 38. Bxe4 R8xe4 39. Rhh2 Re8 40.
Nd2 R1e3 41. Nb4 Rc8 42. Nb1 Rg3 43. Rf1 Bf5 44. Nc2 Be4 45. Re2 h4 46. Rff2 h3
47. Re1 Rh8 48. Nd2 h2 49. Nxe4 dxe4 50. Rh1 Rgh3 51. f5 Nd5 52. c4 bxc4 53.
bxc4 e3 54. f6+ Kf7 55. Rff1 Nb6 56. c5 Nc4+ 57. Kc1 Rg3 58. c6 Rxg5 59. Re1
Rg2 60. c7 Rc8 61. Nxe3 Nxe3 62. Rxe3 Rxc7+ 63. Kb1 g5 64. Ree1 g4 65. d5 g3
66. Rd1 Rf2 67. d6 Rb7+ 68. Kc1 Rd7 69. Kb1 Rxf6 70. Kb2 Rfxd6 71. Rdf1+ Kg7
72. Re1 Rd1 73. Rxd1 Rxd1 74. Rxd1 g2 75. Kc2 h1=Q 76. Rxh1 gxh1=Q 0-1